[Event "Bad Woerishofen op"]
[Site "?"]
[Date "2000.??.??"]
[Round "6"]
[White "Miessner, Rolf"]
[Black "Knab, Horst"]
[Result "0-1"]
[WhiteElo "1750"]
[BlackElo "1556"]
[Annotator "ChessOrg"]
[PlyCount "88"]
[EventDate "2000.??.??"]
[Source "ChessBase"]
[SourceDate "1998.04.29"]

1. e4 Nc6 2. d4 e6 3. c3 g6 4. Bd3 Bg7 5. Ne2 Nge7 6. O-O O-O 7. Be3 Kh8 8. Ng3
f5 9. f4 fxe4 10. Bxe4 d5 11. Bd3 Nf5 12. Nxf5 exf5 13. Nd2 Be6 14. Nf3 Qd7 15.
Qc2 Rae8 16. Rae1 Re7 17. Re2 Rfe8 18. Rfe1 Bg8 19. Ne5 Nxe5 20. fxe5 h6 21.
Rf1 Rf8 22. Rf3 Be6 23. Ref2 Ref7 24. Qc1 Rg8 25. Bf4 h5 26. Bg5 Kh7 27. Rf4
Rh8 28. R2f3 Kg8 29. Rh4 Qe8 30. Rg3 Qf8 31. Qf4 Kh7 32. Be2 Kg8 33. Rgh3 c5
34. Bxh5 gxh5 35. Rxh5 Rxh5 36. Rxh5 cxd4 37. cxd4 Qb4 38. Qh4 f4 39. Qf2 Qc4
40. h3 Rf5 41. Kh2 Bf7 42. Qh4 f3 43. e6 Bxh5 44. Qxh5 Qf1 0-1

[Event "Bad Woerishofen op"]
[Site "?"]
[Date "2000.??.??"]
[Round "8"]
[White "Miessner, Rolf"]
[Black "Bartlitz, Heinz"]
[Result "1/2-1/2"]
[WhiteElo "1750"]
[BlackElo "1614"]
[Annotator "ChessOrg"]
[PlyCount "42"]
[EventDate "2000.??.??"]
[Source "ChessBase"]
[SourceDate "1998.04.29"]

1. e4 d6 2. d4 Nf6 3. Nc3 c6 4. Bd3 e5 5. Be3 Be7 6. h3 b5 7. b4 Bb7 8. Nge2
O-O 9. O-O Nbd7 10. Ng3 a5 11. a3 axb4 12. axb4 Rxa1 13. Qxa1 Qa8 14. Nce2 Qxa1
15. Rxa1 Ra8 16. Rxa8+ Bxa8 17. f4 g6 18. c3 Bb7 19. Nf1 Ba6 20. Nc1 exd4 21.
cxd4 c5 1/2-1/2

[Event "Bad Woerishofen op"]
[Site "?"]
[Date "2000.??.??"]
[Round "2"]
[White "Moeckel, Edgar"]
[Black "Turboust, Roger"]
[Result "1/2-1/2"]
[WhiteElo "2106"]
[BlackElo "1870"]
[Annotator "ChessOrg"]
[PlyCount "80"]
[EventDate "2000.??.??"]
[Source "ChessBase"]
[SourceDate "1998.04.29"]

1. d4 d5 2. c4 e6 3. Nc3 Nf6 4. cxd5 exd5 5. Bg5 Be7 6. Qc2 Be6 7. e3 Nbd7 8.
Bd3 c5 9. dxc5 Nxc5 10. Bb5+ Ncd7 11. Nf3 O-O 12. O-O h6 13. Bh4 Rc8 14. Qe2
Ne4 15. Bxe7 Nxc3 16. bxc3 Qxe7 17. Bxd7 Qxd7 18. Qd2 Qc7 19. Rac1 a6 20. Rfd1
b5 21. Nd4 Qe5 22. h3 Rc4 23. Rb1 Rfc8 24. Rdc1 Bd7 25. a3 Qg5 26. Kh1 Qh5 27.
Rb4 Bxh3 28. gxh3 Qxh3+ 29. Kg1 Rxd4 30. Qxd4 Rc6 31. Qg4 Rg6 32. Qxg6 fxg6 33.
Rd4 g5 34. Re1 g4 35. Rf4 g5 36. Rf6 Kg7 37. Rxa6 g3 38. fxg3 Qxg3+ 39. Kf1
Qf3+ 40. Kg1 Qg3+ 1/2-1/2

[Event "Bad Woerishofen op"]
[Site "?"]
[Date "2000.??.??"]
[Round "4"]
[White "Moeckel, Edgar"]
[Black "Borchert, Reinhard"]
[Result "1/2-1/2"]
[WhiteElo "2106"]
[BlackElo "1840"]
[Annotator "ChessOrg"]
[PlyCount "58"]
[EventDate "2000.??.??"]
[Source "ChessBase"]
[SourceDate "1998.04.29"]

1. d4 Nf6 2. c4 e6 3. Nf3 d5 4. Nc3 Be7 5. Bg5 c6 6. e3 O-O 7. cxd5 exd5 8. Qc2
Nbd7 9. Bd3 h6 10. Bh4 Nh5 11. Bxe7 Qxe7 12. O-O g6 13. Rfe1 f5 14. Nd2 Ndf6
15. f3 Ng7 16. e4 dxe4 17. fxe4 Qd6 18. Nf3 fxe4 19. Nxe4 Nxe4 20. Bxe4 Bf5 21.
Qc4+ Kh7 22. Bxf5 Rxf5 23. Re4 Re8 24. Rxe8 Nxe8 25. Re1 Ng7 26. Qe2 Rf7 27.
Qe4 Nf5 28. Qg4 Re7 29. Rxe7+ Qxe7 1/2-1/2

[Event "Bad Woerishofen op"]
[Site "?"]
[Date "2000.??.??"]
[Round "6"]
[White "Moeckel, Edgar"]
[Black "Stumpf, Walter"]
[Result "1/2-1/2"]
[WhiteElo "2106"]
[BlackElo "1975"]
[Annotator "ChessOrg"]
[PlyCount "36"]
[EventDate "2000.??.??"]
[Source "ChessBase"]
[SourceDate "1998.04.29"]

1. d4 Nf6 2. Nf3 g6 3. c4 Bg7 4. Nc3 d5 5. cxd5 Nxd5 6. e4 Nxc3 7. bxc3 c5 8.
Be3 Qa5 9. Qd2 Nc6 10. h3 O-O 11. Bc4 cxd4 12. cxd4 Qxd2+ 13. Kxd2 Rd8 14. Kc3
Na5 15. Rac1 Nxc4 16. Kxc4 b6 17. Kb3 Ba6 18. Rc7 Be2 1/2-1/2

[Event "Bad Woerishofen op"]
[Site "Bad Woerishofen"]
[Date "2000.??.??"]
[Round "9"]
[White "Moeckel, Edgar"]
[Black "Zunker, Reinhard"]
[Result "1/2-1/2"]
[WhiteElo "2106"]
[BlackElo "2226"]
[Annotator "ChessOrg"]
[PlyCount "115"]
[EventDate "1998.03.05"]
[Source "ChessBase"]
[SourceDate "1998.04.29"]

1. Nf3 g6 2. g3 Bg7 3. d4 d6 4. Bg2 Nc6 5. O-O Nf6 6. c4 O-O 7. Nc3 Rb8 8. Rb1
Bf5 9. Ra1 e5 10. dxe5 dxe5 11. Qxd8 Rfxd8 12. Bg5 Rd7 13. Rfd1 h6 14. Bxf6
Bxf6 15. Rxd7 Bxd7 16. Rd1 Be6 17. Nd5 Bg7 18. b3 Rd8 19. e4 Kf8 20. Rd2 Rd7
21. Kf1 Na5 22. Ke1 c6 23. Ne3 Ke7 24. h4 b6 25. Ng1 Nb7 26. Bh3 Nc5 27. Rxd7+
Kxd7 28. Bxe6+ Kxe6 29. f3 h5 30. Ke2 a5 31. Nh3 Bh6 32. Nf2 Kd6 33. Nfd1 Ne6
34. Nb2 Nd4+ 35. Kf2 f5 36. exf5 Bxe3+ 37. Kxe3 Nxf5+ 38. Kf2 Kc5 39. Na4+ Kb4
40. Nxb6 Ne7 41. g4 Ka3 42. c5 Kxa2 43. Nc4 Kxb3 44. Nxa5+ Kb4 45. Nb7 Kc4 46.
Ke3 Kd5 47. Kd3 Ng8 48. gxh5 gxh5 49. Ke3 Ne7 50. Nd6 Kxc5 51. Ne4+ Kb4 52. Ng3
c5 53. Nxh5 Nf5+ 54. Ke4 Nxh4 55. f4 c4 56. fxe5 c3 57. Nf4 c2 58. Nd3+ 1/2-1/2

[Event "Bad Woerishofen op"]
[Site "?"]
[Date "2000.??.??"]
[Round "2"]
[White "Morger, Karl-Heinz"]
[Black "Stumpf, Walter"]
[Result "0-1"]
[WhiteElo "1815"]
[BlackElo "1975"]
[Annotator "ChessOrg"]
[PlyCount "109"]
[EventDate "2000.??.??"]
[Source "ChessBase"]
[SourceDate "1998.04.29"]

1. e4 c5 2. Nf3 Nc6 3. d4 cxd4 4. Nxd4 Nf6 5. Nc3 e5 6. Ndb5 d6 7. Bg5 a6 8.
Na3 b5 9. Nd5 Be7 10. Bxf6 Bxf6 11. c3 O-O 12. Qf3 Be6 13. Nxf6+ Qxf6 14. Qxf6
gxf6 15. Nc2 f5 16. exf5 Bxf5 17. Ne3 Be6 18. Rd1 Rfd8 19. Nd5 Ra7 20. g4 Bxd5
21. Rxd5 Ne7 22. Rd2 d5 23. Bg2 Rad7 24. O-O Ng6 25. Rfd1 Nf4 26. Bf1 Rd6 27.
f3 Kg7 28. Kf2 f6 29. Kg3 h6 30. h4 Kf7 31. b3 Ke7 32. h5 Rg8 33. Kf2 Rgd8 34.
Kg3 Rb8 35. Re1 Rc8 36. Rc1 Rdc6 37. Kf2 Rxc3 38. Rxc3 Rxc3 39. Rb2 Kd6 40. a4
Kc6 41. axb5+ axb5 42. Ra2 Kb6 43. Ra8 Rxb3 44. Rf8 Rb2+ 45. Ke1 Kc5 46. Rxf6
Kd4 47. Rc6 b4 48. g5 Ke3 49. Kd1 hxg5 50. h6 Rh2 51. Rb6 Rh1 52. Kc2 Rxf1 53.
Rxb4 Rh1 54. Rb3+ Kf2 55. Rb6 0-1

[Event "Bad Woerishofen op"]
[Site "?"]
[Date "2000.??.??"]
[Round "4"]
[White "Morger, Karl-Heinz"]
[Black "Kasueschke, Gregor"]
[Result "0-1"]
[WhiteElo "1815"]
[BlackElo "2030"]
[Annotator "ChessOrg"]
[PlyCount "28"]
[EventDate "2000.??.??"]
[Source "ChessBase"]
[SourceDate "1998.04.29"]

1. e4 c6 2. b3 d5 3. exd5 cxd5 4. Bb2 f5 5. Nf3 e6 6. Bb5+ Nd7 7. O-O a6 8.
Bxd7+ Qxd7 9. Re1 Nf6 10. d3 Be7 11. Nbd2 O-O 12. Ne5 Qc7 13. Nef3 h6 14. Rc1
Rd8 0-1

[Event "Bad Woerishofen op"]
[Site "?"]
[Date "2000.??.??"]
[Round "6"]
[White "Morger, Karl-Heinz"]
[Black "Schuller, Erhard"]
[Result "1-0"]
[WhiteElo "1815"]
[BlackElo "1523"]
[Annotator "ChessOrg"]
[PlyCount "79"]
[EventDate "2000.??.??"]
[Source "ChessBase"]
[SourceDate "1998.04.29"]

1. e4 c5 2. Nf3 d6 3. d4 cxd4 4. Nxd4 Nc6 5. c4 Nf6 6. Nc3 a6 7. Be2 e5 8. Nb3
Be7 9. O-O O-O 10. Be3 Bd7 11. Qd2 Ng4 12. Bxg4 Bxg4 13. Nd5 Be6 14. Bb6 Qd7
15. Rfd1 Bxd5 16. cxd5 Na7 17. Qe3 Nc8 18. Ba5 Bd8 19. Bxd8 Qxd8 20. Rac1 Ne7
21. Rc2 Rc8 22. Rxc8 Nxc8 23. Rc1 f5 24. f3 fxe4 25. fxe4 Ne7 26. Rf1 Rxf1+ 27.
Kxf1 h6 28. a4 b6 29. Ke2 Qc7 30. Nd2 a5 31. h3 Nc8 32. Kd1 Ne7 33. b3 Qc5 34.
Qxc5 dxc5 35. Nc4 Kf7 36. Nxe5+ Ke8 37. Nc4 Nc8 38. Ke2 Ke7 39. Ke3 g6 40. Kf4
1-0

[Event "Bad Woerishofen op"]
[Site "?"]
[Date "2000.??.??"]
[Round "8"]
[White "Morger, Karl-Heinz"]
[Black "Richter, Gerhard"]
[Result "0-1"]
[WhiteElo "1815"]
[BlackElo "1926"]
[Annotator "ChessOrg"]
[PlyCount "62"]
[EventDate "2000.??.??"]
[Source "ChessBase"]
[SourceDate "1998.04.29"]

1. e4 d6 2. d4 Nf6 3. Nc3 c6 4. Nf3 Bg4 5. Be2 e6 6. h3 Bh5 7. Bg5 Be7 8. Qd2
d5 9. e5 Nfd7 10. Bxe7 Qxe7 11. O-O a6 12. b4 O-O 13. Na4 b6 14. Rac1 a5 15.
bxa5 Rxa5 16. Nxb6 Rxa2 17. Rb1 c5 18. Nxd7 Nxd7 19. Rb7 Bxf3 20. gxf3 cxd4 21.
Bb5 Nxe5 22. Rxe7 Nxf3+ 23. Kg2 Nxd2 24. Rc1 g6 25. h4 h5 26. f3 Nb3 27. Rb1
Rxc2+ 28. Kg3 Nc1 29. Be8 Ne2+ 30. Kh3 Rc8 31. Bb5 Nc3 0-1

[Event "Bad Woerishofen op"]
[Site "?"]
[Date "2000.??.??"]
[Round "2"]
[White "Neese, Hans-Joachim"]
[Black "Potthammel, Joere"]
[Result "1-0"]
[WhiteElo "2150"]
[BlackElo "1907"]
[Annotator "ChessOrg"]
[PlyCount "139"]
[EventDate "2000.??.??"]
[Source "ChessBase"]
[SourceDate "1998.04.29"]

1. d4 Nf6 2. c4 g6 3. g3 d5 4. cxd5 Nxd5 5. e4 Nb6 6. Nc3 Bg7 7. Be3 O-O 8. Qd2
Nc6 9. Rd1 e5 10. d5 Nd4 11. f3 c6 12. dxc6 bxc6 13. b3 a5 14. Bg2 a4 15. Nge2
c5 16. O-O axb3 17. axb3 Be6 18. Qb2 Qb8 19. Nc1 Nc4 20. Qf2 Nxe3 21. Qxe3 Ra3
22. Nb1 Ra7 23. Nd2 Qb5 24. Rf2 Rd8 25. Bf1 Qb4 26. Nc4 Rad7 27. Re1 Rb8 28.
Nd3 Qxb3 29. Nxc5 Qxe3 30. Nxe3 Rd6 31. Nxe6 fxe6 32. Kg2 Rdb6 33. Ra1 h5 34.
h4 Rb2 35. Ra2 Rxf2+ 36. Kxf2 Kf7 37. Nc4 Kf6 38. Ra5 Nc6 39. Rc5 Nd4 40. Rxe5
Rb3 41. f4 Bf8 42. Ra5 Bb4 43. e5+ Kf5 44. Bh3+ Ke4 45. Ra2 Rf3+ 46. Kg2 Rd3
47. Kf2 Rf3+ 48. Kg2 Rd3 49. Kh2 Nf3+ 50. Kg2 Nd4 51. Ra1 Kd5 52. Rc1 Ke4 53.
Kh2 Nf3+ 54. Kg2 Nd4 55. Rf1 Nf5 56. Bxf5+ gxf5 57. Rb1 Bc5 58. Rb2 Rd1 59.
Nd2+ Kd3 60. Nf3 Rc1 61. Rd2+ Ke3 62. Ra2 Kd3 63. Ng5 Be3 64. Nxe6 Rg1+ 65. Kh2
Re1 66. Ng7 Bd2 67. Nxf5 Re2+ 68. Kh3 Ke4 69. Ng7 Kf3 70. Nxh5 1-0

[Event "Bad Woerishofen op"]
[Site "?"]
[Date "2000.??.??"]
[Round "4"]
[White "Neese, Hans-Joachim"]
[Black "Walther, Diethelm"]
[Result "1/2-1/2"]
[WhiteElo "2150"]
[BlackElo "2069"]
[Annotator "ChessOrg"]
[PlyCount "81"]
[EventDate "2000.??.??"]
[Source "ChessBase"]
[SourceDate "1998.04.29"]

1. d4 d5 2. c4 Bf5 3. Nc3 e6 4. Nf3 c6 5. b3 Nf6 6. Bb2 dxc4 7. bxc4 Qb6 8. Qb3
Qxb3 9. axb3 Na6 10. Nd2 Bb4 11. f3 O-O-O 12. e4 Bg6 13. Na2 Bxd2+ 14. Kxd2 c5
15. Ke3 Rhe8 16. Be2 Kb8 17. Rhd1 b6 18. Rd2 Kb7 19. Rad1 cxd4+ 20. Rxd4 Rxd4
21. Rxd4 e5 22. Rd2 Nb8 23. Nb4 Nfd7 24. Nd5 f6 25. b4 Bf7 26. Bd1 Rc8 27. Bb3
Be6 28. g3 Na6 29. Ba3 Nc7 30. f4 Bxd5 31. exd5 exf4+ 32. gxf4 Re8+ 33. Kd4 Re1
34. Ba4 b5 35. cxb5 Nb6 36. Bb3 Nxb5+ 37. Kc5 Nxa3 38. b5 Rb1 39. Rd3 Rf1 40.
d6 Nd7+ 41. Kb4 1/2-1/2

[Event "Bad Woerishofen op"]
[Site "?"]
[Date "2000.??.??"]
[Round "6"]
[White "Neese, Hans-Joachim"]
[Black "Schneider, Georg"]
[Result "1/2-1/2"]
[WhiteElo "2150"]
[BlackElo "2140"]
[Annotator "ChessOrg"]
[PlyCount "23"]
[EventDate "2000.??.??"]
[Source "ChessBase"]
[SourceDate "1998.04.29"]

1. d4 Nf6 2. c4 c5 3. d5 d6 4. Nc3 g6 5. e4 Bg7 6. Bd3 O-O 7. h3 a6 8. Nf3 Nbd7
9. O-O Rb8 10. a4 b6 11. Re1 h6 12. Bf4 1/2-1/2

[Event "Bad Woerishofen op"]
[Site "?"]
[Date "2000.??.??"]
[Round "8"]
[White "Neese, Hans-Joachim"]
[Black "Wild, Gerhard"]
[Result "1-0"]
[WhiteElo "2150"]
[BlackElo "1973"]
[Annotator "ChessOrg"]
[PlyCount "85"]
[EventDate "2000.??.??"]
[Source "ChessBase"]
[SourceDate "1998.04.29"]

1. d4 d5 2. Nf3 Nf6 3. c4 e6 4. Bg5 Be7 5. Nc3 c6 6. e3 Nbd7 7. Rc1 O-O 8. Bd3
h6 9. Bh4 Re8 10. O-O a6 11. c5 b6 12. cxb6 Nxb6 13. Ne5 Bb7 14. Na4 Nxa4 15.
Qxa4 Bd6 16. f4 Rc8 17. b4 a5 18. bxa5 c5 19. a6 Ba8 20. Bb5 Re7 21. Nc6 Rxc6
22. Bxc6 Bxc6 23. Qxc6 Rc7 24. Bxf6 gxf6 25. Qb6 c4 26. Rb1 Qd7 27. Rfc1 Kg7
28. Qa5 Ra7 29. Qb6 Rc7 30. g3 Kg6 31. Kf2 h5 32. h3 e5 33. dxe5 fxe5 34. Kg2
Kh7 35. Qb2 d4 36. Qe2 Qc6+ 37. Kh2 Qxa6 38. Qxh5+ Kg7 39. Qg5+ Kh7 40. Qf5+
Kg7 41. Rb8 f6 42. Qg4+ Kf7 43. Qg8+ 1-0

[Event "Bad Woerishofen op"]
[Site "?"]
[Date "2000.??.??"]
[Round "2"]
[White "Neumann, Erwin"]
[Black "Buesdorf, Konrad"]
[Result "1-0"]
[WhiteElo "1810"]
[BlackElo "1952"]
[Annotator "ChessOrg"]
[PlyCount "61"]
[EventDate "2000.??.??"]
[Source "ChessBase"]
[SourceDate "1998.04.29"]

1. e4 e5 2. Nf3 Nc6 3. c3 Be7 4. d4 exd4 5. cxd4 d6 6. Nc3 Nf6 7. Be3 O-O 8.
Rc1 Bg4 9. h3 Bh5 10. Bd3 a6 11. g4 Bg6 12. Nh4 Bxe4 13. Nxe4 Nxe4 14. Bxe4
Bxh4 15. Bxc6 bxc6 16. Rxc6 Qe7 17. Qf3 Rab8 18. Rxa6 Rxb2 19. O-O Bf6 20. Ra5
Qe6 21. Rc1 Bd8 22. Ra8 h6 23. a4 Qb3 24. a5 Ra2 25. Qc6 Qb4 26. Qd7 Bg5 27.
Rxf8+ Kxf8 28. Bxg5 Kg8 29. Qe8+ Kh7 30. Qxf7 hxg5 31. Qxa2 1-0

[Event "Bad Woerishofen op"]
[Site "?"]
[Date "2000.??.??"]
[Round "4"]
[White "Neumann, Erwin"]
[Black "Ziltener, Werner"]
[Result "0-1"]
[WhiteElo "1810"]
[BlackElo "1984"]
[Annotator "ChessOrg"]
[PlyCount "88"]
[EventDate "2000.??.??"]
[Source "ChessBase"]
[SourceDate "1998.04.29"]

1. e4 e5 2. Nf3 Nc6 3. c3 d5 4. exd5 Qxd5 5. d3 Bg4 6. Be2 Nf6 7. O-O Be7 8. h3
Bh5 9. Be3 Rd8 10. Nbd2 Bg6 11. Qa4 O-O 12. d4 e4 13. Nh4 Bh5 14. c4 Qa5 15.
Qxa5 Nxa5 16. Bxh5 Nxh5 17. Nf5 Bb4 18. b3 g6 19. Nh6+ Kh8 20. d5 f5 21. g4 Ng7
22. Rad1 b6 23. gxf5 gxf5 24. Kh1 Rd6 25. Rg1 Rg6 26. Bd4 Nb7 27. Nxf5 Rxf5 28.
Nxe4 Nd6 29. Ng3 Rf3 30. Kg2 Rf4 31. Be5 Rf5 32. f4 Ne4 33. Kf3 Nxg3 34. Rxg3
Bd6 35. Bxg7+ Kxg7 36. Rd4 Rxg3+ 37. Kxg3 Rf7 38. Re4 Re7 39. Rxe7+ Bxe7 40.
Kg4 Kf6 41. h4 a5 42. h5 Bf8 43. f5 Bh6 44. a3 Bc1 0-1

[Event "Bad Woerishofen op"]
[Site "?"]
[Date "2000.??.??"]
[Round "6"]
[White "Neumann, Erwin"]
[Black "Dryzek, Tadeusz"]
[Result "1/2-1/2"]
[WhiteElo "1810"]
[BlackElo "2183"]
[Annotator "ChessOrg"]
[PlyCount "82"]
[EventDate "2000.??.??"]
[Source "ChessBase"]
[SourceDate "1998.04.29"]

1. e4 e5 2. Nf3 Nc6 3. c3 Nf6 4. d4 Nxe4 5. Bd3 d5 6. dxe5 Nc5 7. O-O Nxd3 8.
Qxd3 Be7 9. Bf4 O-O 10. Nbd2 Be6 11. Nb3 Qd7 12. Rfe1 Bf5 13. Qd2 a5 14. Rad1
a4 15. Nc1 Rfd8 16. Nd3 Na5 17. h3 c5 18. Bg3 Nc4 19. Qc1 Qb5 20. Nf4 Be4 21.
Re2 Ra6 22. Ne1 Bg5 23. h4 Be7 24. f3 Bf5 25. Nxd5 Qd7 26. Nf6+ gxf6 27. Rxd7
Bxd7 28. exf6 Bxf6 29. Qf4 b5 30. Bf2 Bg7 31. Bxc5 Be6 32. Be7 Rda8 33. Nd3 Nb6
34. Nb4 Nd5 35. Qg3 Nxe7 36. Nxa6 Rxa6 37. Qb8+ Bf8 38. Qxb5 Ra8 39. Qg5+ Kh8
40. Qf6+ Kg8 41. Qg5+ Kh8 1/2-1/2

[Event "Bad Woerishofen op"]
[Site "?"]
[Date "2000.??.??"]
[Round "8"]
[White "Neumann, Erwin"]
[Black "Betz, Egon"]
[Result "1/2-1/2"]
[WhiteElo "1810"]
[BlackElo "1910"]
[Annotator "ChessOrg"]
[PlyCount "47"]
[EventDate "2000.??.??"]
[Source "ChessBase"]
[SourceDate "1998.04.29"]

1. e4 c5 2. Nf3 Nc6 3. c3 d5 4. exd5 Qxd5 5. d4 Bg4 6. Be2 e6 7. O-O Nf6 8. h3
Bh5 9. Be3 cxd4 10. Nxd4 Bxe2 11. Qxe2 Nxd4 12. Bxd4 Be7 13. Nd2 O-O 14. Rfe1
Rad8 15. Nf3 b6 16. Qa6 Qa8 17. Rac1 Nd5 18. Qa4 Rfe8 19. Be5 f6 20. Qg4 Bf8
21. Bg3 e5 22. Nh4 Qb7 23. Qf3 Qf7 24. Nf5 1/2-1/2

[Event "Bad Woerishofen op"]
[Site "?"]
[Date "2000.??.??"]
[Round "2"]
[White "Niebaum, Karl"]
[Black "Puls, Harry"]
[Result "1/2-1/2"]
[WhiteElo "1787"]
[BlackElo "1616"]
[Annotator "ChessOrg"]
[PlyCount "45"]
[EventDate "2000.??.??"]
[Source "ChessBase"]
[SourceDate "1998.04.29"]

1. d4 d5 2. Nf3 Nc6 3. Bf4 Nf6 4. e3 e6 5. Be2 Bb4+ 6. c3 Bd6 7. Bxd6 Qxd6 8.
O-O O-O 9. Nbd2 e5 10. dxe5 Nxe5 11. Nxe5 Qxe5 12. Nf3 Qd6 13. Qc2 Bg4 14. Rfd1
Qe7 15. h3 Bxf3 16. Bxf3 Rad8 17. Qa4 a6 18. Rac1 c6 19. Rd4 Rd6 20. Rcd1 Rfd8
21. Qb4 Re6 22. Qxe7 Rxe7 23. R4d2 1/2-1/2

[Event "Bad Woerishofen op"]
[Site "?"]
[Date "2000.??.??"]
[Round "4"]
[White "Niebaum, Karl"]
[Black "Dryzek, Tadeusz"]
[Result "0-1"]
[WhiteElo "1787"]
[BlackElo "2183"]
[Annotator "ChessOrg"]
[PlyCount "153"]
[EventDate "2000.??.??"]
[Source "ChessBase"]
[SourceDate "1998.04.29"]

1. d4 d5 2. Nf3 Nf6 3. Bg5 e6 4. e3 Nbd7 5. Bd3 Be7 6. Nbd2 c5 7. c3 O-O 8. O-O
b6 9. e4 dxe4 10. Nxe4 Bb7 11. Bxf6 Nxf6 12. Nxf6+ Bxf6 13. dxc5 bxc5 14. Qc2
g6 15. Be4 Rb8 16. Bxb7 Rxb7 17. Rfd1 Qb6 18. b3 a5 19. Nd2 Ra8 20. Nc4 Qc7 21.
g3 h5 22. h4 Qc6 23. Rd6 Qf3 24. Rd3 Qg4 25. Kh2 Rbb8 26. Nd6 Be5 27. Kg2 a4
28. Re1 Bxd6 29. Rxd6 axb3 30. axb3 Ra3 31. Rb1 c4 32. b4 Rxc3 33. Qxc3 Qe4+
34. Kh2 Qxb1 35. Qxc4 Qxb4 36. Qxb4 Rxb4 37. Rd7 Kg7 38. Ra7 Rb6 39. Kg2 Kf6
40. Ra5 e5 41. Kf3 Kf5 42. Rc5 Rb3+ 43. Kg2 f6 44. Ra5 Rb6 45. Rc5 Ke6 46. Kf3
Rb3+ 47. Kg2 e4 48. Rc8 Rb5 49. Rg8 Kf5 50. Rh8 e3 51. fxe3 Kg4 52. Rg8 Rb2+
53. Kh1 g5 54. hxg5 fxg5 55. e4 Re2 56. Rg7 Rxe4 57. Kh2 Re2+ 58. Kh1 Kh3 59.
Kg1 Rg2+ 60. Kh1 Rf2 61. Kg1 Rf5 62. Rh7 g4 63. Rd7 Kxg3 64. Rd3+ Rf3 65. Rd2
Ra3 66. Rg2+ Kf4 67. Rf2+ Rf3 68. Ra2 h4 69. Ra4+ Kg3 70. Ra1 Rb3 71. Rc1 h3
72. Ra1 Rb4 73. Ra3+ Kh4 74. Ra1 g3 75. Rc1 h2+ 76. Kg2 Rb2+ 77. Kh1 0-1

[Event "Bad Woerishofen op"]
[Site "?"]
[Date "2000.??.??"]
[Round "6"]
[White "Niebaum, Karl"]
[Black "Ziebarth, Lothar"]
[Result "1-0"]
[WhiteElo "1787"]
[BlackElo "1692"]
[Annotator "ChessOrg"]
[PlyCount "67"]
[EventDate "2000.??.??"]
[Source "ChessBase"]
[SourceDate "1998.04.29"]

1. d4 d5 2. Nf3 Nf6 3. Bg5 Bf5 4. Bxf6 exf6 5. e3 Bd6 6. Bd3 Qd7 7. Bxf5 Qxf5
8. c4 dxc4 9. Qa4+ Nc6 10. Qxc4 O-O 11. O-O Rfe8 12. Nc3 a6 13. Rab1 Qh5 14. h3
f5 15. d5 Ne7 16. Qh4 Qxh4 17. Nxh4 g5 18. Nf3 h6 19. b4 c6 20. Rfd1 Rad8 21.
dxc6 Nxc6 22. b5 Ne5 23. Nd4 Bf8 24. Nxf5 axb5 25. Rxd8 Rxd8 26. Rxb5 Nc4 27.
Rxb7 Rd3 28. Ne4 Bg7 29. Nxg7 Kxg7 30. a4 Ra3 31. Ra7 Nb6 32. a5 Nc4 33. a6 Nb6
34. Nd6 1-0

[Event "Bad Woerishofen op"]
[Site "?"]
[Date "2000.??.??"]
[Round "7"]
[White "Niebaum, Karl"]
[Black "Wicklund-Hansen, Richard"]
[Result "0-1"]
[WhiteElo "1787"]
[BlackElo "2040"]
[Annotator "ChessOrg"]
[PlyCount "76"]
[EventDate "2000.??.??"]
[Source "ChessBase"]
[SourceDate "1998.04.29"]

1. d4 Nf6 2. Bg5 d5 3. Bxf6 exf6 4. e3 Bd6 5. c4 c6 6. Nc3 dxc4 7. Bxc4 Be6 8.
Bd3 Nd7 9. Nf3 Qa5 10. O-O Bg4 11. Ne4 Bc7 12. Qc2 O-O 13. Rfc1 Rad8 14. b4 Qd5
15. b5 f5 16. Ng3 Bxf3 17. gxf3 Ne5 18. Be2 f4 19. e4 Qxd4 20. Rd1 Qb4 21. Nf5
Qa3 22. Kg2 Ng6 23. bxc6 bxc6 24. Rxd8 Rxd8 25. Rd1 Rxd1 26. Bxd1 Ne5 27. Nd4
Qd6 28. Nf5 Qf6 29. Qc5 g6 30. Nh6+ Kg7 31. Qxa7 Qd6 32. Ng4 Nxg4 33. fxg4 Qxd1
34. Qxc7 Qxg4+ 35. Kf1 f3 36. Qe5+ Kh6 37. Qg3 Qxe4 38. Qh3+ Kg7 0-1

[Event "Bad Woerishofen op"]
[Site "Bad Woerishofen"]
[Date "2000.??.??"]
[Round "9"]
[White "Niebaum, Karl"]
[Black "Nowotny, Heinz"]
[Result "1-0"]
[WhiteElo "1787"]
[BlackElo "2255"]
[Annotator "ChessOrg"]
[PlyCount "85"]
[EventDate "1998.03.05"]
[Source "ChessBase"]
[SourceDate "1998.04.29"]

1. d4 Nf6 2. Bg5 e6 3. Nf3 Be7 4. e3 d5 5. Bd3 h6 6. Bf4 b6 7. O-O O-O 8. Nbd2
Ba6 9. Bxa6 Nxa6 10. Qe2 Qc8 11. e4 dxe4 12. Nxe4 Nxe4 13. Qxe4 c5 14. c3 Nc7
15. Rfe1 cxd4 16. Nxd4 Bf6 17. Be5 Nd5 18. Bxf6 Nxf6 19. Qh4 Rd8 20. f4 Rd5 21.
Re5 Qc5 22. Rae1 Rad8 23. R1e3 Kh7 24. g4 Ng8 25. Kg2 Rxe5 26. fxe5 g5 27. Qf2
Qd5+ 28. Kg1 Kg7 29. a3 Rd7 30. h4 Kf8 31. h5 Ke8 32. Qc2 Qc5 33. Qh7 Qf8 34.
Qe4 Ne7 35. Qa8+ Rd8 36. Qxa7 Nd5 37. Rf3 Rd7 38. Qa8+ Rd8 39. Qc6+ Ke7 40.
Nxe6 Qe8 41. Nxd8 Qxd8 42. Rd3 Qc7 43. Qxd5 1-0

[Event "Bad Woerishofen op"]
[Site "?"]
[Date "2000.??.??"]
[Round "1"]
[White "Niebuhr, Gerd"]
[Black "Scheib, Ernst"]
[Result "1/2-1/2"]
[WhiteElo "1833"]
[BlackElo "1500"]
[Annotator "ChessOrg"]
[PlyCount "39"]
[EventDate "2000.??.??"]
[Source "ChessBase"]
[SourceDate "1998.04.29"]

1. d4 Nf6 2. Nf3 e6 3. e3 d5 4. Bd3 b6 5. Nbd2 Nbd7 6. c4 Bb7 7. Qc2 h6 8. b3
Bb4 9. Bb2 c5 10. O-O Bxd2 11. Nxd2 cxd4 12. exd4 O-O 13. Rac1 Rc8 14. Rfe1 Qc7
15. f3 Rfe8 16. Nf1 dxc4 17. bxc4 Ba6 18. Qe2 Bb7 19. Ng3 Qf4 20. Qe3 1/2-1/2

[Event "Bad Woerishofen op"]
[Site "?"]
[Date "2000.??.??"]
[Round "3"]
[White "Niebuhr, Gerd"]
[Black "Reer, Erdmann"]
[Result "1/2-1/2"]
[WhiteElo "1833"]
[BlackElo "2158"]
[Annotator "ChessOrg"]
[PlyCount "51"]
[EventDate "2000.??.??"]
[Source "ChessBase"]
[SourceDate "1998.04.29"]

1. d4 d5 2. Nf3 Nf6 3. e3 c6 4. Nbd2 Bf5 5. Bd3 Bxd3 6. cxd3 e6 7. O-O Be7 8.
e4 dxe4 9. dxe4 O-O 10. e5 Nd5 11. Ne4 Nd7 12. Bg5 h6 13. Bxe7 Qxe7 14. Qd2 c5
15. dxc5 Nxc5 16. Nxc5 Qxc5 17. Rac1 Qb6 18. Rc4 Rfd8 19. Rfc1 Ne7 20. Qb4 Nc6
21. Qxb6 axb6 22. a3 Rd5 23. Kf1 Rad8 24. Re4 Rd1+ 25. Rxd1 Rxd1+ 26. Re1
1/2-1/2

[Event "Bad Woerishofen op"]
[Site "?"]
[Date "2000.??.??"]
[Round "5"]
[White "Niebuhr, Gerd"]
[Black "Wohlfart, Karl-Heinz"]
[Result "1-0"]
[WhiteElo "1833"]
[BlackElo "1744"]
[Annotator "ChessOrg"]
[PlyCount "83"]
[EventDate "2000.??.??"]
[Source "ChessBase"]
[SourceDate "1998.04.29"]

1. d4 Nf6 2. Nf3 g6 3. Bg5 Bg7 4. Nbd2 d6 5. e4 O-O 6. Be2 Nbd7 7. O-O e5 8.
dxe5 dxe5 9. c3 h6 10. Bh4 Qe7 11. Qc2 a6 12. Rfe1 g5 13. Bg3 Nh5 14. Nc4 Nxg3
15. hxg3 b5 16. Ne3 Nc5 17. b4 Nb7 18. Nd5 Qd8 19. a4 bxa4 20. Rxa4 Nd6 21. Ne3
Bb7 22. Nd2 Qd7 23. Ra5 Rfe8 24. c4 Bf8 25. Ng4 Bg7 26. Ne3 c6 27. Nb3 Qe7 28.
Nc5 Bc8 29. g4 Rd8 30. Rea1 Bf8 31. Nxa6 Nb7 32. R5a4 Rd4 33. b5 cxb5 34. cxb5
Qd8 35. Nd5 Nd6 36. Nac7 Rb8 37. Rxd4 exd4 38. e5 Bg7 39. exd6 d3 40. Qxd3 Bxa1
41. Ne7+ Kf8 42. Nc6 1-0